000 00436nam a22001577a 4500
005 20251108171947.0
008 250721s9999 xx 000 0 ara d
082 1 4 _a154.62/محم
100 1 _aقطب، محمد علي
245 1 0 _aدليل الحيران في تفسير الأحلام /
264 1 _aبيروت :
_bدار القلم،
_c[19-].
300 _a206ص
650 1 7 _aالنوم
942 _2ddc
_cBK
999 _c66943
_d66943